The countries with the best military (top 20) - Statistics

General Stats
  • This quiz has been taken 95 times
  • The average score is 18 of 20
Answers on the Map
Answers color-coded by a green-red scale on the quiz's map according to % correct below.
 
Answer Stats
Answer % Correct
China
100%
Russia
100%
India
99%
United Kingdom
99%
United States
99%
Brazil
95%
Germany
95%
France
94%
Japan
94%
Spain
94%
Australia
92%
Iran
92%
Italy
92%
Pakistan
88%
South Korea
86%
Turkey
86%
Egypt
83%
Ukraine
80%
Indonesia
72%
Israel
71%
No matching quizzes found
Score Distribution
Percent of People with Each Score
Percentile by Number Answered
Your Score History
You have not taken this quiz